| 000 | 00862nam a2200289Ia 4500 | ||
|---|---|---|---|
| 001 | Z_5486 | ||
| 003 | CHAP | ||
| 008 | 220113s2007 xx 000 0 und d | ||
| 010 | _a168570 | ||
| 040 | _cCHAP | ||
| 090 | _aTesis L 1998 | ||
| 100 |
_aLazalde Cruz, Rosalba _965204 |
||
| 245 |
_aContenido mineral de las vacas en producción del establo lechero de Chapingo / _cRosalba Lazalde Cruz |
||
| 260 |
_aChapingo, Méx. : _bEl autor, _c2007 |
||
| 300 | _a68 h. | ||
| 502 | _aTesis (Ing. Agr. Esp. en Zootecnia) -- UACH. Departamento de Zootecnia | ||
| 650 |
_aGanado Holstein _xHidalgo _9142868 |
||
| 650 |
_aGanado lechero _xNutrición _945281 |
||
| 650 |
_aMinerales en nutrición animal _975937 |
||
| 650 |
_aSuero sanguíneo _9110588 |
||
| 901 | _aTESIS L 1998 | ||
| 902 | _aM | ||
| 910 | _a2007 | ||
| 942 | _c2 | ||
| 942 | _c2 | ||
| 999 |
_c168570 _d168570 |
||